Normal view
MARC view
- Bachelor of Science in Civil Engineering
Entry Topical Term
001 - CONTROL NUMBER
- control field: 48506
003 - CONTROL NUMBER IDENTIFIER
- control field: NUST
005 - DATE AND TIME OF LATEST TRANSACTION
- control field: 20210314134049.0
008 - FIXED-LENGTH DATA ELEMENTS
- fixed length control field: 210314|| aca||aabn | a|a d
040 ## - CATALOGING SOURCE
- Original cataloging agency: NUST
- Transcribing agency: NUST
150 ## - HEADING--TOPICAL TERM
- Topical term or geographic name entry element: Bachelor of Science in Civil Engineering
670 ## - SOURCE DATA FOUND
- Source citation: Work cat.: (NUST): Shakil Ahmad, A'XEN 48505, Landslide hazard management and control in Murree area, 2001
